ESSENTIALS OF IMMUNOLOGY (Record no. 20979)

MARC details
000 -LEADER
fixed length control field 00313nam a22001457a 4500
003 - CONTROL NUMBER IDENTIFIER
control field SGT
020 ## - INTERNATIONAL STANDARD BOOK NUMBER
International Standard Book Number 9788178557632
082 ## - DEWEY DECIMAL CLASSIFICATION NUMBER
Classification number 616.01
Item number E19G
100 ## - MAIN ENTRY--PERSONAL NAME
Personal name GUPTA, SK
245 ## - TITLE STATEMENT
Title ESSENTIALS OF IMMUNOLOGY
250 ## - EDITION STATEMENT
Edition statement 2ND
260 ## - PUBLICATION, DISTRIBUTION, ETC. (IMPRINT)
Place of publication, distribution, etc INDIA
Name of publisher, distributor, etc ARYA PUB
Year of Publication 2019
650 ## - SUBJECT ADDED ENTRY--TOPICAL TERM
Topical term or geographic name as entry element MICROBIOLOGY
942 ## - ADDED ENTRY ELEMENTS (KOHA)
Source of classification or shelving scheme Dewey Decimal Classification
Koha item type Books
942 ## - ADDED ENTRY ELEMENTS (KOHA)
-- 100
Holdings
Withdrawn status Lost status Source of classification or shelving scheme Damaged status Not for loan Collection code Home library Current library Shelving location Date acquired Vendor Name Cost, normal purchase price SGTU Bill Number Total Checkouts Total Renewals Full call number Accession No. (Barcode) Date last seen Date last borrowed Bill Date Koha item type
    Dewey Decimal Classification     MEDICAL SGT Medical Library SGT Medical Library Text Book 30/03/2021 ABC DELHIM 695.00 SGTU 12725 20 1 616.01 E19G FM12311 26/12/2025 04/12/2025 19/02/2021 Books
    Dewey Decimal Classification     MEDICAL SGT Medical Library SGT Medical Library Text Book 30/03/2021 ABC DELHIM 695.00 SGTU 12725 13 1 616.01 E19G FM12312 01/07/2024 15/06/2024 19/02/2021 Books
    Dewey Decimal Classification     MEDICAL SGT Medical Library SGT Medical Library Text Book 30/03/2021 ABC DELHIM 695.00 SGTU 12725 24   616.01 E19G FM12313 03/10/2025 23/09/2025 19/02/2021 Books
    Dewey Decimal Classification     MEDICAL SGT Medical Library SGT Medical Library Text Book 30/03/2021 ABC DELHIM 695.00 SGTU 12725 35   616.01 E19G FM12314 10/12/2025 18/11/2025 19/02/2021 Books
    Dewey Decimal Classification     MEDICAL SGT Medical Library SGT Medical Library Text Book 30/03/2021 ABC DELHIM 695.00 SGTU 12725 24   616.01 E19G FM12315 16/01/2026 16/01/2026 19/02/2021 Books